UBT Library

The Countryside in the age of capitalist transformation : (Record no. 42512)

000 -LEADER
fixed length control field 00726cam a2200241 a 4500
001 - CONTROL NUMBER
control field 2858716
005 - DATE AND TIME OF LATEST TRANSACTION
control field 20180214075144.0
008 - FIXED-LENGTH DATA ELEMENTS--GENERAL INFORMATION
fixed length control field 850318s1985 ncua b s001 0 eng
010 ## - LIBRARY OF CONGRESS CONTROL NUMBER
LC control number 85002847
020 ## - INTERNATIONAL STANDARD BOOK NUMBER
International Standard Book Number 0807816663
020 ## - INTERNATIONAL STANDARD BOOK NUMBER
International Standard Book Number 0807841390 (pbk.)
040 ## - CATALOGING SOURCE
Original cataloging agency DLC
Transcribing agency DLC
Modifying agency DLC
041 ## - LANGUAGE CODE
Language code of text/sound track or separate title eng
043 ## - GEOGRAPHIC AREA CODE
Geographic area code n-us---
080 ## - UNIVERSAL DECIMAL CLASSIFICATION NUMBER
Universal Decimal Classification number 307.720973 HAH
082 00 - DEWEY DECIMAL CLASSIFICATION NUMBER
Classification number 307.720973 HAH
Edition number 19
100 ## - Rafti
Rafti 16
101 ## - Shkurtesa
Shkurtesa HIS
245 04 - TITLE STATEMENT
Title The Countryside in the age of capitalist transformation :
Statement of responsibility, etc edited by Steven Hahn and Jonathan Prude.
504 ## - BIBLIOGRAPHY, ETC. NOTE
Bibliography, etc Includes bibliographies and index.
906 ## - LOCAL DATA ELEMENT F, LDF (RLIN)
a 7
b cbc
c orignew
d 1
e ocip
f 19
g y-gencatlg
942 ## - ADDED ENTRY ELEMENTS (KOHA)
Source of classification or shelving scheme
Item type Books
Holdings
Withdrawn status Lost status Source of classification or shelving scheme Damaged status Not for loan Collection code Permanent location Current location Shelving location Date acquired Total Checkouts Full call number Barcode Date last seen Price effective from Koha item type
          Koleksioni i përgjithshem UBT - Lipjan UBT - Lipjan Koleksioni i përgjithshem 02/14/2018   307.720973 HAH 002-2998205 02/14/2018 02/14/2018 Books
UBT Library © 2015-2024. All rights reserved University Education for Business and Technology